000 00575nmm a2200169Ia 4500
008 251105s9999||||xx |||||||||||||||||und||
020 _a9789585001466
041 _aspa
100 _aCampos Rodríguez, Darío
245 0 _aEl ajedrez del bicentenario :
_b Pedagogía del teatro para la enseñanza de la historia en el salón de clases
264 _a[Bogotá, Colombia] :
_bUniversidad del Rosario,
_c2023
300 _a274 páginas
490 _aCiencias Humanas
650 _aTheater / Drama
856 _uhttps://public.digitaliapublishing.com/a/128672
942 _cCF
999 _c95114
_d95114